Score 0/20 Timer 04:00
1 Play Today
% Correct
Batman Begins
92%
Casino Royale
89.5%
Back to the Future
80.8%
To Kill a Mockingbird
80%
Harry Potter and the Chamber of Secrets
76.5%
The Lord of the Rings: Two Towers
66.5%
The Notebook
66.3%
One Flew Over the Cuckoo's Nest
61.8%
Star Wars: Episode VI - Return of the Jedi
61.5%
The Bridge on the River Kwai
60.8%
% Correct
Casino
59.9%
WALL-E
56.5%
Inception
56.2%
The Treasure of the Sierra Madre
47.9%
A Clockwork Orange
45.7%
The Sting
38.4%
Raging Bull
38%
Snatch
37.1%
Heat
29.7%
Ex Machina
23.5%
Remove Ads.
Support Sporcle.
Get the best of Sporcle when you Go Orange. This ad-free experience offers more features, more stats, and more fun while also helping to support Sporcle. Thank you for becoming a member.

You're not logged in!

Compare scores with friends on all Sporcle quizzes.
OR
Log In

Sporcle TV

Today on Sporcle TV


Watch our educational content, quiz creation guides, and fun videos on Sporcle TV.

Show Comments

Extras

Top Quizzes Today


Score Distribution

Paid Content

Your Account Isn't Verified!

In order to create a playlist on Sporcle, you need to verify the email address you used during registration. Go to your Sporcle Settings to finish the process.

Report this User

Report this user for behavior that violates our Community Guidelines.

Details: